000
00301nam a2200145Ia 4500
100
_a
Deikman alan
250
_a
1
942
_c
BK
654
_a
UP
245
_a
Unix Progarmming on 8086 & 80386
260
_b
BPB Publication
_a
New Delhi
_c
1989
300
_a
446
546
_a
ENGLISH
999
_c
21314
_d
21314